00674naa#a2200157#i#4500001001600000005001700016011001400033100004100047102000700088200018300095210010500278215001000383608004500393700005200438856002600490RU\\bibl\12669420260701075132.3##a2542-1840##a20260630b2026####ek#y0rusy0150####ca##aRU1#aОсобенности понимания билингвами сложных логико-грамматических конструкцийeЖурнальная статья1#aКемеровоcКемеровский государственный университетd2026##a9 с.##aЖурнальная статья2local#1aЛицкевичgЕвгений Юрьевич4#avestnik-pses.kemsu.ru